Loading...

A HISTORY OF INDIA

Bibliographic Details
Main Author: PERCIVAL SPEAR
Format: Printed Book
Published: London PENGUIN BOOKS 1970
Subjects:
LEADER 00447nam a2200169 4500
020
082 |a 954 PER 
100 |a PERCIVAL SPEAR 
245 |a A HISTORY OF INDIA  |h English 
250
260 |a London  |b PENGUIN BOOKS  |c 1970 
300 |a 288 p  |f PB 
650 |a A HISTORY OF INDIA 
700
942 |c TB 
999 |c 149251  |d 149251 
952 |0 0  |1 0  |4 0  |6 954_000000000000000_PER  |7 0  |9 162711  |a ORI  |b ORI  |l 0  |o 954 PER  |p ORI778/E  |r 2019-10-25  |w 2019-10-25  |y TB